000
00387nam a2200121Ia 4500
008
151213s9999 xx 000 0 und d
245
_a
সোনা আর ঘাসের বনিবনা।
260
_a
ঢাকা
_b
কালধারা প্রকাশনূী।
_c
1996
300
_a
8833 p.
650
_a
Bangla
650
_a
গল্পগ্রন্থ।
999
_c
4618
_d
4618